000 00446nam a2200193Ia 4500
005 20240823011513.0
008 240823s9999||||xx |||||||||||||| ||und||
041 _aENGLISH
082 _A578.1
100 _aVijayaraj N
245 0 _aBioinformatics
250 _a1st
260 _c2002
_bKalaikathir Coimbatore
500 _aYES
650 _aComputer Science
_bComputer Science
700 _a Mani A K
942 _cBK
999 _c161728
_d161728